Presence in the modern world /

Bibliographic Details
Main Author: Ellul, Jacques, 1912-1994 (Author)
Other Authors: Richmond, Lisa (Translator), Lewis, Ted (author of foreword.), Gill, David W., 1946- (author of introduction.)
Format: Book
Language:English
Language Notes:Translation into English from the original French title: Présence au monde moderne.
Published: Eugene, Oregon : Cascade Books, [2016]
Subjects:

MARC

Tag First Indicator Second Indicator Subfields
LEADER 00000cam a22000007i 4500
001 in00003716421
005 20170926150525.0
008 160830t20162016oru b 001 0deng d
010 |a  2016448054 
020 |a 1498291341  |q (paperback) 
020 |a 9781498291347  |q (paperback) 
020 |a 9781498291361  |q (hardcover) 
020 |a 1498291368  |q (hardcover) 
020 |z 9781498291354  |q (ebook) 
024 8 |a 99968981380 
035 |a (OCoLC)ocn952154914 
035 |a (OCoLC)952154914 
040 |a YDXCP  |b eng  |e rda  |c YDXCP  |d DLC  |d BTCTA  |d TEF  |d IGR  |d WTV  |d OCL  |d UtOrBLW 
041 1 |a eng  |h fre 
042 |a lccopycat 
049 |a TXAM 
050 0 0 |a BV4501  |b .E588 2016 
082 0 4 |a 248.4  |a 261.8  |2 20 
100 1 |a Ellul, Jacques,  |d 1912-1994,  |e author. 
240 1 0 |a Presence au monde moderne.  |l English.  |s Richmond.  |f 2016 
245 1 0 |a Presence in the modern world /  |c Jacques Ellul ; a new translation by Lisa Richmond ; foreword by Ted Lewis ; introduction to Jacques Ellul's life and thought by David W. Gill. 
246 3 |a Presence of the Kingdom 
264 1 |a Eugene, Oregon :  |b Cascade Books,  |c [2016] 
264 4 |c ©2016 
300 |a xx, 128 pages ;  |c 23 cm 
336 |a text  |b txt  |2 rdacontent 
337 |a unmediated  |b n  |2 rdamedia 
338 |a volume  |b nc  |2 rdacarrier 
504 |a Includes bibliographical references and indexes. 
504 |a Includes: "Bibliography of books by Jacques Ellul" [and also of books about him] (pages 113-118). 
505 0 |a Foreword / by Ted Lewis -- Translator's preface / by Lisa Richmond -- Author's preface -- The Christian in the world -- Revolutionary Christianity -- End and means -- Communication -- Prologue and conclusion -- Afterword : Notes on Revolution -- Introduction to Jacques Ellul's life and thought / by David W. Gill -- Bibliography of books by Jacques Ellul -- Topical index -- Scripture index. 
534 |p Also translated from French into English  |n by Olive Wyon, and published:  |c London : SCM Press, 1948,  |n under title:  |t Presence of the Kingdom. 
546 |a Translation into English from the original French title: Présence au monde moderne. 
600 1 0 |a Ellul, Jacques,  |d 1912-1994  |v Bio-bibliography. 
600 1 7 |a Ellul, Jacques,  |d 1912-1994.  |2 fast  |0 (OCoLC)fst01728666 
650 0 |a Christian life.  |0 http://id.loc.gov/authorities/subjects/sh85025095 
650 0 |a Church and social problems.  |0 http://id.loc.gov/authorities/subjects/sh85025528 
650 7 |a Christian life.  |2 fast  |0 (OCoLC)fst00859185 
650 7 |a Church and social problems.  |2 fast  |0 (OCoLC)fst00860491 
655 7 |a Bio-bibliography.  |2 fast  |0 (OCoLC)fst01423685 
700 1 |a Richmond, Lisa,  |e translator. 
700 1 |a Lewis, Ted,  |e author of foreword.  |0 http://id.loc.gov/authorities/names/n99011476 
700 1 |a Gill, David W.,  |d 1946-  |e author of introduction.  |0 http://id.loc.gov/authorities/names/n83140714 
945 |b 845056 
947 |a A14835973316 
994 |a 92  |b TXA 
948 |a Cataloged  |b h  |c 2016/11/9  |d c  |e AReeder 
999 f f |s 23f08117-f608-39da-a70a-f7d1424cea8a  |i 2fbfb24a-d870-3f6a-8b51-acb2d14eff19  |t 0 
952 f f |p normal  |a Texas A&M University  |b College Station  |c Sterling C. Evans Library  |d Evans: Library Stacks  |t 0  |e BV4501 .E588 2016  |h Library of Congress classification  |i unmediated -- volume  |m A14835973316 
998 f f |a BV4501 .E588 2016  |t 0  |l Evans: Library Stacks